| 000 | 00663nam a22002177a 4500 | ||
|---|---|---|---|
| 005 | 20170124110253.0 | ||
| 010 | _aA-410087 | ||
| 020 |
_c00.00 _a8170963397 |
||
| 035 | _aA-410087 | ||
| 037 | _bCen Lib/Ret | ||
| 040 |
_aDPL _bEN |
||
| 082 |
_a128 _bLIF |
||
| 245 |
_aLife the great adventures : _ba practical guide to the art of living / |
||
| 260 |
_aNew Delhi _bKalyani Publishers _c1989 |
||
| 270 |
_bNew Delhi _a24, Dariyaganj _e110002 |
||
| 300 |
_a608p. _c19cm(Hb) |
||
| 500 | _aIncludes index | ||
| 650 |
_aLiving of art -- Personality development _9100026 |
||
| 650 |
_aEveryday life _9100027 |
||
| 942 |
_2ddc _cEN _h128 _mLIF |
||
| 999 |
_c136003 _d136003 |
||